Lily Bell, or, The lost child /

Bibliographic Details
Main Author: Fay, Alice
Format: Microform Book
Language:English
Published: Boston : J. French, 1857.

MARC

Tag First Indicator Second Indicator Subfields
LEADER 00000cam a2200000 a 4500
001 in00000742513
005 20151016161138.0
007 hd afa014baca
008 830630s1857 ctu a 00011 eng d
035 |a (OCoLC)09662512 
035 |9 ADJ1549AM 
040 |a IRU  |c LWS  |d UtOrBLW 
049 |a TXAI 
090 |a PS15 
099 |a film  |a B  |a 1551 
100 1 |a Fay, Alice. 
245 1 0 |a Lily Bell, or, The lost child /  |c by Alice Fay. 
264 1 |a Boston :  |b J. French,  |c 1857. 
300 |a 343 pages 
336 |a text  |b txt  |2 rdacontent 
337 |a microform  |b h  |2 rdamedia 
338 |a microfilm reel  |b hd  |2 rdacarrier 
533 |a Microfilm.  |b Woodbridge, Conn. :  |c Research Publications,  |d 1970-1978.  |e 1 microfilm reel ; 35 mm.  |f (Wright American fiction ; v. 2 (1851-1875), reel F-3, no. 892) 
500 |a Microform. 
999 |a MARS 
999 f f |s 2ae6fc8d-fce9-3b34-bce5-31d1ddf39f6b  |i d3fd4856-63e7-3f41-adba-8fe4ca97653e  |t 0 
952 f f |p default  |a Texas A&M University  |b College Station  |c Sterling C. Evans Library  |d Evans: Microforms (3rd floor)  |t 0  |e film B 1551 v.2 reel F-3 no.892  |h Other scheme  |i microform -- microfilm reel 
998 f f |a film B 1551 v.2 reel F-3 no.892  |t 0  |l Evans: Microforms (3rd floor)